000 00968nam a2200277 a 4500
001 BRL_1853
005 20190320211410.0
008 100815s1969----mx-o######---#000-0#spa-#
041 _aspa
044 _amx
050 4 _aF1219.1.O11
_b.W45 1969
100 1 _aWeitlaner, Robert J.
_928051
245 1 0 _aLos grupos indígenas del Norte de Oaxaca
_cpor Robert J. Weitlaner y Mercedes Olivera de Vázquez ; Fotografía de Carlos Sáenz y Alfonso Muñoz.
260 _aMéxico
_bInstituto Nacional de Antropología e Historia
_c1969
300 _a151 p.
_bil.
_c25 cm.
500 _aAu2094
504 _aBibliografía: p. 149
650 1 4 _aIndígenas de México
_xHistoria
_922707
650 1 4 _aIndígenas de México
_zOaxaca
_926027
651 4 _aOaxaca (México : Estado)
_xHistoria
_928052
710 2 _aOlivera de Vázquez, Mercedes
_928053
710 2 _aSáenz, Carlos
_eil.
_928054
710 2 _aMuñoz, Alfonso
_eil.
_928055
902 _aGRL
942 _2lcc
_cB
999 _c10661
_d10661